| 000 | 00340nam a22001217a 4500 | ||
|---|---|---|---|
| 999 |
_c5471 _d5471 |
||
| 008 | 250919b ||||| |||| 00| 0 eng d | ||
| 020 | _a9781406391190 | ||
| 082 | _a823.02 MON | ||
| 100 |
_aMONTGOMERY.ROSS _eAUTHOR _lENGLISH |
||
| 245 | _aTHE CHIME SEEKERS | ||
| 260 |
_a87 VAUXHALL WALK,LONDON SE11 5HJ _bWALKER BOOKS LTD _c2021 |
||
| 942 | _2ddc | ||